000 00484nam a2200181Ia 4500
005 20250423100636.0
008 250422s9999 xx 000 0 und d
020 _a9788120320840
050 _aTA 1145 .C43/
100 _aChakroborty, Partha
245 0 _aPrinciples of transportation engineering
260 _aNew Delhi
260 _bPrentice-Hall of India Private Limited
260 _c2003
300 _a520 p
650 _a Transportation engineering.
942 _cBK
999 _c33921
_d33921